Firemné vzdelávanie zamestnancov v JASPLASTIK-SK, spol. s r.o. Galanta : Diplomová práca

Salvato in:
Dettagli Bibliografici
Autore principale: Csontosová, Beáta (Autore)
Altri autori: Bestvinová, Viera, 1958- (xxx)
Natura: Manoscritto Libro
Lingua:slovacco
Pubblicazione: Trnava : STU v Bratislave MtF KPIM, 2006
Soggetti:
Tags: Aggiungi Tag
Nessun Tag, puoi essere il primo ad aggiungerne!!

MARC

LEADER 00000ntm a22000003a 4500
001 stu121713
005 20160719155541.0
008 060622s2006----xo------------------slo-d
040 |a STU  |b slo 
041 0 |a slo 
044 |a xo 
100 1 |a Csontosová, Beáta  |4 aut 
245 1 |a Firemné vzdelávanie zamestnancov v JASPLASTIK-SK, spol. s r.o. Galanta :  |b Diplomová práca 
260 |a Trnava :  |b STU v Bratislave MtF KPIM,  |c 2006 
300 |a 81 s  |c príl., 1 CD 
650 7 |a priemyselné inžinierstvo a manažment  |2 stusub 
650 7 |a vzdelávanie zamestnancov  |2 stusub 
700 1 |a Bestvinová, Viera,  |d 1958-  |4 xxx  |u M4000  |U MTF Materiálovotechnologická fakulta  |T MTF Ústav priemyselného inžinierstva a manažmentu  |X 1541  |U M4000  |Y 84  |7 A000001541 
996 |b 284M073550  |c M*DP-6103  |l MMSKP  |s P  |a 0  |w stu121713_0001